Държави, през които минава екватора и Гринуичкия меридиан - Statistics

General Stats
  • This quiz has been taken 72 times
  • The average score is 13 of 21
Answer Stats
Country % Correct
Бразилия
95%
Великобритания
95%
Еквадор
86%
Испания
81%
Франция
79%
Алжир
77%
Индонезия
72%
Кения
70%
Конго
68%
Колумбия
68%
ДР Конго
65%
Мали
61%
Гана
58%
Сомалия
47%
Буркина Фасо
47%
Габон
46%
Того
46%
Уганда
42%
Малдиви
37%
Кирибати
28%
Сао Томе и Принсипи
26%
No matching quizzes found
Score Distribution
Percent of People with Each Score
Percentile by Number Answered
Your Score History
You have not taken this quiz